000 00715nam a2200205Ia 4500
005 20260121110122.0
008 008 260114s9999 xx 000 0 hin d
020 _a9788132300120
037 _aEBOOK
040 _aCRL
_bhin
_cCRL
041 _ahin
_2hin
084 _qCRL
100 _aप्रतिभा सिन्हा / Pratibha Sinha
_9942268
245 0 _aआधुनिक भारत का इतिहास (1857 से 1947 तक) / Aadhunik Bharat ka Itihas (1857 se 1947 tak)
260 _bभाषा प्रकाशन / Bhasha Prakashan
_c2020
856 _uhttps://bhashaprakashan.com/product-details/377678
942 _cEBOOK
999 _c1533933
_d1533933